000 00304nam a2200121 i 4500
001 bg
245 0 0 _aPodstawowe problemy współczesnej techniki.
_nT. 23,
_pEnergetyka.
260 _aWarszawa :
_bPWN,
_c1983.
040 _cBPK
041 _apol
942 _cKS
008 s pl f |000 0 pol
999 _c22504
_d22504
856 _uhttp://koha.tu.koszalin.pl/cgi-bin/koha/opac-detail.pl?biblionumber=22504
_yKatalog online BPK